书目信息 |
| 题名: |
闪光灯与滤光镜
|
|
| 作者: | 林路 著 | |
| 分册: | ||
| 出版信息: | 杭州 浙江摄影出版社 2001 |
|
| 页数: | 102页 | |
| 开本: | 19cm | |
| 丛书名: | 摄影问答丛书 | |
| 单 册: | ||
| 中图分类: | TB851 | |
| 科图分类: | ||
| 主题词: | 闪光灯--问答 , 滤光灯--问答 | |
| 电子资源: | ||
| ISBN: | 7-80536-797-3 | |
| 000 | 00626nam2 2200229 45 | |
| 001 | 0405250858 | |
| 005 | 20040203155615.5 | |
| 010 | @a7-80536-797-3@dCNY15.00 | |
| 100 | @a20040525d2001 km y0chiy0120 ea | |
| 101 | 0 | @achi |
| 105 | @af z 000yy | |
| 200 | 1 | @a闪光灯与滤光镜@AShan Guang Deng Yu Lu Guang Jing@f林路著@FLin Lu Zhu |
| 210 | @a杭州@c浙江摄影出版社@d2001 | |
| 215 | @a102页@c图@d19cm | |
| 225 | @a摄影问答丛书 | |
| 410 | @12001 @a摄影问答丛书 | |
| 606 | 0 | @a闪光灯@x问答 |
| 606 | 0 | @a滤光灯@x问答 |
| 690 | @aTB851@v4 | |
| 701 | 0 | @a林路@4著 |
| 801 | @aCN@bTSTC@c20040525 | |
| 905 | @b333502@dTB851@e80@f1 | |
| 闪光灯与滤光镜/林路著.-杭州:浙江摄影出版社,2001 |
| 102页:图;19cm.-(摄影问答丛书) |
| ISBN 7-80536-797-3:CNY15.00 |
| ● |
| 相关链接 |
|
|
|
|
正题名:闪光灯与滤光镜
索取号:TB851/80
 
预约/预借
| 序号 | 登录号 | 条形码 | 馆藏地/架位号 | 状态 | 备注 |
| 1 | 0333502 | 203335024 | 第二样本阅览室/ [索取号:TB851/80] | 在馆 |